30 titres de chansons en A - Statistiques

Statistiques générales
  • Ce quiz a été pris 79 fois
  • Le résultat moyen est 12 sur 30
Statistiques - réponses
Hint Réponse % Correct
Kendji Girac Andalouse
79%
Johnny Hallyday Allumer le feu
69%
Stromae Alors on danse
66%
Khaled Aïcha
64%
Christophe Aline
64%
Claude François Alexandrie Alexandra
60%
Jenifer Au Soleil
57%
Hatik Angela
56%
Louane Avenir
53%
Jacques Brel Amsterdam
51%
Trois cafés gourmands A nos souvenirs
51%
Lady Gaga Abracadabra
44%
Tina Arena Aller plus haut
44%
Roméo et Juliette Aimer
43%
Mariah Carey All I want for christmas is you
40%
Zazie et Axel Bauer A ma place
40%
Estelle et Kanye West American boy
40%
Rose Laurens Africa
36%
Harry Styles As it was
36%
Trust Antisocial
34%
Daft Punk Around the world
31%
The rolling stones Angie
26%
Pauline Allo le monde
21%
Ed Sheeran Azizam
21%
Céline Dion All by myself
17%
Damso Amnésie
17%
Véronique Sanson Amoureuse
16%
Léo Ferré Avec le temps
16%
Alain Souchon Allo maman bobo
14%
Bruno Mars APT
11%
Aucun quiz correspondant
Distribution des résultats
% des personnes avec chaque résultat
Percentile par nombre de réponses
Votre historique - résultats
Vous n’avez pas pris ce quiz